Nuevas perspectivas sindicales

El texto plantea tres secciones, la primera se enfoca principalmente en el hecho que el sindicalismo ha llegado a un límite de estancamiento, salvo que ocurran cambios. La segunda sección se dirige a la crisis laboral en el sector público, enfocado en un posible descontrol en el campo salarial, a es...

Volledige beschrijving

Bewaard in:
Bibliografische gegevens
Formaat: Texto
Onderwerpen:
Tags: Voeg label toe
Geen labels, Wees de eerste die dit record labelt!

MARC

LEADER 00000 a a2200000 04500
001 3962
003
040
245 |a Nuevas perspectivas sindicales  
520 |a El texto plantea tres secciones, la primera se enfoca principalmente en el hecho que el sindicalismo ha llegado a un límite de estancamiento, salvo que ocurran cambios. La segunda sección se dirige a la crisis laboral en el sector público, enfocado en un posible descontrol en el campo salarial, a esto se le suma el déficit de varios regímenes de pensiones y el retraso en la aprobación de empréstitos externos en la Asamblea Legislativa. Y por último, no se ha llegado a un cambio en la negociación salarial  
650 |a SINDICATOS  
650 |a MOVIMIENTOS OBREROS  
650 |a POLITICA LABORAL  
650 |a CRISIS SOCIAL  
650 |a POLITICAS GUBERNAMENTALES  
650 |a COSTA RICA  
773 |g número 26; páginas 17-23  
999 |c 27406  |d 27406